Toutes les Balls dans les Jeux Pokémon - Statistiques

Statistiques générales
  • Ce quiz a été pris 42 fois
  • Le résultat moyen est 19 sur 27
Statistiques - réponses
Par images Réponse % Correct
Poké Ball
100%
Super Ball
100%
Super Ball (Hisui)
100%
Hyper Ball
98%
Hyper Ball (Hisui)
98%
Master Ball
95%
Rapide Ball
85%
Honor Ball
83%
Safari Ball
80%
Sombre Ball
80%
Filet Ball
78%
Love Ball
78%
Luxe Ball
78%
Chrono Ball
75%
Masse Ball
70%
Ultra Ball
68%
Soin Ball
65%
Scuba Ball
60%
Bis Ball
53%
Lune Ball
53%
Faiblo Ball
50%
Copain Ball
48%
Poké Ball (Hisui)
48%
Speed Ball
40%
Appât Ball
35%
Niveau Ball
35%
Compét'Ball
23%
Aucun quiz correspondant
Distribution des résultats
% des personnes avec chaque résultat
Percentile par nombre de réponses
Votre historique - résultats
Vous n’avez pas pris ce quiz